LEADER 00999nam a2200217 i 4500 001 000000364057 003 CaOOAMICUS 005 20250828114232.0 008 250828s1832 it u000 u ita u 040 $aSeMil$bita 100 1 $aMauri, Achille,$d<1806-1883>.$0(OLS)http://semarc/name/11370 245 10$aDi Alfonso Lamartine e delle sue opere :$bdiscorso /$cdi Achille Mauri ; aggiuntevi prose e poesie tradotte da vari. 264 1$aMilano :$bpresso l'editore dell'Indicatore,$c1832$f(coi tipi di Luigi Nervetti) 300 $a216 p. ;$c16 cm 600 14$aLamartine, Alphonse : de <1790-1869>.$0(OLS)http://semarc/subject/54664 850 $aSeMil 852 $aSeMil$W1$xVenegono$y1$m1V III 21 FA$j261007$B254932$CSeMilBibl$Z2$F254932 $8I 941 1 $a10 996 $6245$aDi Alfonso Lamartine e delle sue opere :$bdiscorso$9(OLS)http://semarc/title/455396 996 $6264$aMilano :$bpresso l'editore dell'Indicatore$9(OLS)http://semarc/publisher/60571 LEADER 00970nam a2200241 i 4500 001 000000063167 003 CaOOAMICUS 005 20130913000000.0 008 130913s1973 it u000 u ita u 013 $a34339 040 $aSeMil$bita 100 1 $aFailla, Carmelo.$0(OLS)http://semarc/name/8738 245 13$aLa Parabola del Marxismo Occidentale /$cCarmelo Failla. 260 $aBrescia :$bQueriniana,$cstampa 1973. 300 $a134 p. ;$c20 cm. 490 0 $aGiornale di teologia ;$v69 650 4$aMarxismo - Storia.$0(OLS)http://semarc/subject/2303 650 4$aFilosofia marxista.$0(OLS)http://semarc/subject/3223 830 0$aGiornale di teologia ;$v69.$0(OLS)http://semarc/title/419620 850 $aSeMil 852 $aSeMil$W1$xVenegono$y1$m2XA G 69$j236517$B29320$CSeMilBibl$Z2$F29323 $81 996 $6245$aLa Parabola del Marxismo Occidentale$9(OLS)http://semarc/title/99638 996 $6260$aBrescia :$bQueriniana$9(OLS)http://semarc/publisher/29615